| 000 | 00630nam a2200205Ia 4500 | ||
|---|---|---|---|
| 003 | OSt | ||
| 005 | 20250128112536.0 | ||
| 008 | 210210b2003 xxu||||| |||| 00| 0 eng d | ||
| 040 | _cAL | ||
| 041 | _aKannada | ||
| 082 | _aK894.3 YANM | ||
| 100 |
_aYANDAMURI VIRENDRANATH. _dಯಂಡಮೂರಿ ವೀರೇಂದ್ರನಾಥ್ _9195787 |
||
| 245 |
_aMalegalada ondu sanje _bಮಳೆಗಾಲದ ಒಂದು ಸಂಜೆ |
||
| 260 |
_aHubballi _bSahitya Prakashana _c2003 |
||
| 300 | _a309 | ||
| 650 |
_aKannada Kadambari Kattimani _9195788 |
||
| 690 |
_aKannada Fiction _9195789 |
||
| 906 | _a058676 | ||
| 942 |
_2ddc _cBK |
||
| 999 |
_c105851 _d105851 |
||